000 00307nam a22001337a 4500
008 180905b xxu||||| |||| 00| 0 eng d
020 _a9780073221076
041 _aeng
080 _25 ED
_a541
100 _a12
101 _aKIM
245 _aGeneral Organic And Biochemistry
_cCaret,D
942 _2udc
_cBK
999 _c47531
_d47531